| 000 | 00429pab a2200169 454500 | ||
|---|---|---|---|
| 008 | 180718b1998 xxu||||| |||| 00| 0 eng d | ||
| 100 | _aSabir Ali | ||
| 245 | _aImproving the environment of resettlement colonies of Delhi | ||
| 260 | _c1998 | ||
| 300 | _ap.35-38 | ||
| 362 | _aApr | ||
| 650 | _aSlums - India - Delhi | ||
| 650 | _aEnvironment - India - Delhi | ||
| 650 | _aEnvironment | ||
| 773 | _aYojana | ||
| 909 | _a37083 | ||
| 999 |
_c37083 _d37083 |
||